MDQL
is popping MORE tags! Check the
thread
!
Quizzes
Events
Quiz Creation
Community
Videos
Private Events
Remove Ads
Sign In
Join for FREE
Feedback
Dark Mode
Quiz Categories
Sports
Geography
Music
Movies
Television
Just For Fun
Miscellaneous
History
Literature
Language
Science
Gaming
Entertainment
Religion
Holiday
For Kids
Quiz Lab
Recent
Popular Today
Quiz Kudos Today
Editor Picks
Curator Picks
Quizzes by...
Day
Popularity
Type
Ratings
Length
Year
Community
Subscriptions
Recent Discussions
Orange Saloon
Badges
Playlists
Quests
Create
Leaderboards
Showdown
Live 5
Trivia Bingo
Activity
Puzzle Library
Sporcle Events
Private Events
Virtual Trivia
Globe League
Become a Host
Pub Owners
SporcleCon
Opinionation
Our Games
Videos
Blog
Mobile Apps
Partnerships
Remove Ads and Go Orange
Feedback
Music
Pop Music
The Beatles
Song
Album
Lyrics
Bands
Singers
Artist
Clip
Rock
Rap
Classical
Billboard
Country Music
Kpop
Taylor Swift
Music
Pop Music
The Beatles
Song
Album
Lyrics
Bands
Singers
Artist
Clip
Rock
Rap
Classical
Billboard
Country Music
Kpop
Taylor Swift
Random Quiz
Search Sporcle
×
Quiz Lab
Quiz Lab
Music
Lyrics
Type in answers that appear in a list
Type in answers that appear in a list
Classic
Best Score? Go Orange.
I Have Forgiven Jesus [Morrissey]: Lyrics Stats
From Morrissey alone- guess the lyrics.
By
alissabonnett
10m
245 Questions
129 Plays
129 Plays
129 Plays
Comments
Comments
Give Quiz Kudos
Give Quiz Kudos
-
- Ratings
hide this ad
Replay
Link that replays current quiz
Next Quiz
Link to next quiz in quiz playlist
You Got
0%
They Got
Avg Score
87%
Avg Friend Score
Upgrade to see
Score Distribution
Jump to the score distribution portion of the page
Score
0/245
Timer
10:00
0
Plays Today
Answer
% Correct
I
100%
I
100%
I
100%
I
100%
I
100%
I
100%
I
100%
I
100%
I
100%
I
100%
I
100%
I
100%
I
100%
a
99.2%
a
99.2%
a
99.2%
the
99.2%
a
99.2%
and
99.2%
the
99.2%
And
99.2%
a
99.2%
And
99.2%
and
99.2%
and
99.2%
For
98.4%
For
98.4%
Forgive
97.6%
me
97.6%
have
97.6%
me,
97.6%
me,
97.6%
have
97.6%
me,
97.6%
me,
97.6%
me,
97.6%
have
97.6%
me,
97.6%
me.
97.6%
me
97.6%
me
97.6%
me
97.6%
me?
97.6%
me
97.6%
me?
97.6%
me?
97.6%
me,
97.6%
me?
97.6%
me.
97.6%
no
96.9%
Jesus
96.9%
Jesus,
96.9%
all
96.9%
Jesus
96.9%
Jesus,
96.9%
all
96.9%
all
96.9%
Jesus,
96.9%
you
96.1%
you.
96.1%
you.
96.1%
you.
96.1%
you
96.1%
you
96.1%
no-
96.1%
you
96.1%
you
96.1%
no-
96.1%
you
96.1%
you
96.1%
you
96.1%
you
96.1%
you
96.1%
you
96.1%
you
96.1%
do
95.3%
do
95.3%
Do
95.3%
Do
95.3%
do
95.3%
Do
95.3%
Do
95.3%
Answer
% Correct
Do
95.3%
Do
95.3%
he
94.5%
forgiven
94.5%
he
94.5%
in
94.5%
in
94.5%
he
94.5%
forgiven
94.5%
love
94.5%
he
94.5%
in
94.5%
love.
94.5%
In
94.5%
love,
94.5%
love?
94.5%
in
94.5%
in
94.5%
With
92.9%
to
92.9%
With
92.9%
to
92.9%
with
92.9%
to
92.9%
to
92.9%
with
92.9%
to
92.9%
to,
92.9%
To
92.9%
go
92.1%
go
92.1%
was
91.3%
was
91.3%
was
91.3%
harm.
90.6%
When
90.6%
When
90.6%
this
90.6%
When
90.6%
When
90.6%
this
90.6%
When
90.6%
this
90.6%
When
90.6%
this
90.6%
can
89.8%
can
89.8%
can
89.8%
can
89.8%
hate
89.8%
hate
89.8%
hate
89.8%
hate
89.8%
hate
89.8%
one
89.3%
one
89.3%
good
89%
there's
89%
nothing
89%
good
89%
of
89%
there's
89%
there's
89%
there's
89%
one
88.2%
give
88.2%
give
88.2%
kid.
87.4%
kid,
87.4%
But
87.4%
But
87.4%
kid,
87.4%
But
87.4%
But
87.4%
so
87.4%
so
87.4%
wouldn't
85.8%
nice
84.3%
nice
84.3%
paper
84.3%
turn
84.3%
Why
84.3%
Answer
% Correct
did
84.3%
why
84.3%
did
84.3%
turn
84.3%
why
84.3%
did
84.3%
did
84.3%
Why
84.3%
desire
83.5%
placed
83.5%
desire.
83.5%
placed
83.5%
much
83.5%
desire,
83.5%
desire?
83.5%
much
83.5%
hurt
82.7%
hurt
82.7%
round.
81.9%
deserted
81.9%
deserted
81.9%
has
81.9%
has
81.9%
may
79.5%
By
79.5%
world?
79.5%
bones
79.5%
skin?
79.5%
bones
79.5%
skin?
79.5%
By
79.5%
know,
78.7%
loveless
78.7%
any
78%
Monday-
78%
pain
77.2%
Tuesday-
77.2%
Friday,
77.2%
Friday,
77.2%
Wednesday-
76.4%
Life
76.4%
Life
76.4%
Thursday-
75.6%
Is
75.6%
God's
74.8%
killed
74.8%
killed
74.8%
self-
74%
self-
74%
brung
73.2%
I'll
73.2%
be
73.2%
just
73.2%
nowhere
73.2%
my
72.4%
my
72.4%
help
71.7%
understand?
71.7%
understand?
71.7%
pathetic.
71.7%
deprecating
71.7%
deprecating
71.7%
Humiliation.
70.9%
heart
68.5%
always
66.9%
Through
66.1%
I'd
66.1%
moon
66.1%
hand.
66.1%
snow,
65.4%
stick
65.4%
stick
65.4%
near
63.8%
Oh,
63.8%
hail
61.4%
Suffocation.
56.7%
pretty
56.7%
carried
55.9%
offload
51.2%
unlock
48.8%
Condescension.
38.6%
Quiz Playlist
Details
Report
Send in Message
Add To Playlist
Classic:
Type in answers that appear in a list
Last Updated: Aug 5, 2017
Quiz Scoreboard
CHALLENGE
Sign Up to Join the Scoreboard
Show All
Scores
Hide
Comments
May contain spoilers
Recently Published
Street Fighter Characters
by Artimus82
Gaming
60s
9x9 Crossword: Cartoon Network
by jackfrog10
Miscellaneous
3m
College Basketball Coaching Resumes
by pancakes188
Sports
9m
More to Explore
Quiz From the Vault
Featured Blog Post
Where Did the Easter Bunny Come From?
hide this ad
You Might Also Like...
Tags
Lyrics Quiz
Missing Lyrics
Morrissey
Morrissey Songs
Today's Top Quizzes in Music
Browse Music
hide this ad
Today's Top Quizzes in Lyrics
Browse Lyrics
Top Contributed Quizzes in Music
1
Taylor Swift All Songs (2024)
2
Taylor Swift Logic Puzzle
3
Guess the Artist- 70s Songs
4
7-to-1: Billboard Hot 100 #1 Hits of 2010s
5
Sorting Albums and Songs
6
KPOP LOGIC QUIZ
7
Guess the Taylor Swift song (Mystery Song)
8
Guess The Taylor Swift Lyrics Song #1
9
Billboard Blitz: ABBA
10
Billboard Blitz: The Beatles
Explore More
Trending Topics
Harry Potter
Kpop
Crossword
Anime
Marvel
Disney
NBA
Puzzle
Song
WWE
Country
NFL
Soccer
Pokémon
The Office
hide this ad
More By:
alissabonnett
Quiz
Plays
Rating
Category
Featured
Created
Bigmouth Strikes Again [The Smiths]: Lyrics
1,361
4.71
Music
Jan 2, 2017
STILL ILL[The Smiths]: Lyrics
765
5.00
Music
Jan 4, 2017
Hand in Glove [The Smiths]: Lyrics
662
4.33
Music
Jan 2, 2017
The Queen Is Dead [The Smiths]: Lyrics
657
5.00
Music
Jan 17, 2017
That Joke Isn't Funny Anymore [The Smiths]: Lyrics
487
5.00
Music
Jan 2, 2017
Go to Creator's Profile
Score Distribution
Quiz Creator Spotlight
alissabonnett
Follow
Send a Message
Quizzes Created
-
Created Quiz Play Count
-
More By This Creator
Popular Quizzes Today
1
Find the US States - No Outlines Minefield
2
Find the Countries of Europe - No Outlines Minefield
3
The Countries of the World
4
Find the US States
5
Risky Map Clicking: Biggest States A-Z
6
US States
7
Popular People in 1961
8
Movies - When Are They Set?
More Music Quizzes
Band/Singer Fandoms 2
Quiz Lab
Trending Quizzes
Risky Map Clicking: Least Populous States A-Z
Countries of the World: 200 Million BC
1-10 Letter G Words
Risky Map Clicking: Next State Alphabetically
Adjectives in 80s TV Shows
Recently Updated
Leaping Animals
pecheneg
Reality TV Shows (A-Z)
bhenderson79
Rickey Henderson's Hall of Fame Teammates
pecheneg
Champions League XIs: Arsenal
pecheneg
Quick Pick: Celebrities in WWE's Hall of Fame
aduchscher
A-Z Keypad Blitz II
pecheneg
Multiple Oscar Actors
pecheneg
Mystery Phrase Blitz: Oscar 'Best Actors'
pecheneg
F. Scott Fitzgerald Novels
LTH
Pick 3 Villains
ddd62291
Trending Topics
NBA
Anime
Harry Potter
Crossword
Disney
Kpop
Marvel
The Office
NFL
Puzzle
Song
Soccer
Country
WWE
Pokémon
Your Account Isn't Verified!
In order to create a playlist on Sporcle, you need to verify the email address you used during registration. Go to your
Sporcle Settings
to finish the process.
Report this User
Report this user for behavior that violates our
Community Guidelines
.
Details:
Send Report
Go to the Sporcle.com Mobile Site →
Comments